000 00357nam a2200145Ia 4500
008 220531s9999 xx 000 0 und d
041 _aeng
245 _aHigher Education Challenges And Vision
260 _bUniversity of Pune
_c2002
300 _a362
542 _d22-04-2002
650 _aEducation
_947788
906 _d2002-2003
999 _c28015
_d28015